| 000 | 01065nam a22003137a 4500 | ||
|---|---|---|---|
| 001 | 5837 | ||
| 003 | FISKH | ||
| 005 | 20250131121623.0 | ||
| 008 | 250124b cb ||||| |||| 00| 0 eng d | ||
| 020 | _a9780062075444 | ||
| 040 |
_aFISKH _beng _cFISKH _dFISKH |
||
| 050 | _aPZ7.B44827 | ||
| 082 | _a446 | ||
| 100 |
_aBerenstain, Mike _d(1951-) |
||
| 245 |
_aThe Berenstain Bears' : _bLemonade stand / _cMike Berenstain ; Based on the characters created by stan and Jan Berenstain |
||
| 250 | _aThis edition is published in 2014 | ||
| 260 |
_aNew York : _bHarper, _c2014. |
||
| 300 |
_a32 pages : _bcolor illustrations ; _c23 cm |
||
| 490 |
_aI can read! _vBeginning reading 1 |
||
| 505 | _aG | ||
| 520 | _aAfter enjoying their mother's lemonade, Brother, Sister and Honey Bear decide to start up a lemonade stand to sell it to the neighborhood. | ||
| 521 | 8 |
_a310
_bLexile |
|
| 521 | 8 |
_aG
_bRaz-Plus |
|
| 650 |
_2Summer _aLemonade |
||
| 650 |
_2Bears _aBeginning |
||
| 700 |
_aBarenstain, Mike _dillustrator |
||
| 942 |
_2ddc _cBK _n0 |
||
| 999 |
_c5837 _d5837 |
||